Effective risk and insurance management in muncipal government (Record no. 477670)

000 -LEADER
fixed length control field 00423cam a22001337a 4500
008 - FIXED-LENGTH DATA ELEMENTS--GENERAL INFORMATION
fixed length control field 180718b1970 xxu||||| |||| 00| 0 eng d
082 ## - DEWEY DECIMAL CLASSIFICATION NUMBER
Classification number T5m T566
100 ## - MAIN ENTRY--PERSONAL NAME
Personal name Todd, Jerry D.
245 ## - TITLE STATEMENT
Title Effective risk and insurance management in muncipal government
Statement of responsibility, etc. by Jerry D. Todd
260 ## - PUBLICATION, DISTRIBUTION, ETC.
Place of publication, distribution, etc. Austin
Name of publisher, distributor, etc. Institute of Public Affaris
Date of publication, distribution, etc. 1970
300 ## - PHYSICAL DESCRIPTION
Extent 138p.
440 ## - SERIES STATEMENT/ADDED ENTRY--TITLE
Title Public Affaris Series No.82
650 ## - SUBJECT ADDED ENTRY--TOPICAL TERM
Topical term or geographic name entry element Insurance, Municipal
Holdings
Withdrawn status Lost status Damaged status Not for loan Permanent Location Current Location Date acquired Full call number Barcode Date last seen Price effective from Koha item type
        Indian Institute of Public Administration Indian Institute of Public Administration 2018-08-04 T5m T566 GR8801 2018-08-04 2018-08-04 GR

Powered by Koha